All Eurovision Countries - Statistics

General Stats
  • This quiz has been taken 212 times
  • The average score is 46 of 52
Answer Stats
First Appearance Answer % Correct
1957 United Kingdom
98%
1956 France
96%
1957 Austria
95%
1956 Germany
94%
1965 Ireland
94%
1994 Russia
94%
1958 Sweden
94%
2004 Albania
93%
2015 Australia
93%
1961 Finland
93%
1964 Portugal
93%
1961 Spain
93%
2004 Belarus
92%
1960 Norway
92%
2003 Ukraine
92%
1956 Belgium
91%
1981 Cyprus
91%
2007 Czech Republic
91%
1957 Denmark
91%
1993 Estonia
91%
1974 Greece
91%
1956 Italy
91%
2000 Latvia
91%
2007 Serbia
91%
2006 Armenia
90%
1986 Iceland
90%
1956 Switzerland
90%
2008 Azerbaijan
89%
1994 Lithuania
89%
1956 Luxembourg
89%
2004 Andorra
88%
1973 Israel
88%
1956 Netherlands
88%
1994 Poland
88%
1993 Bosnia and Herzegovina
87%
2007 Georgia
87%
1971 Malta
87%
1993 Slovakia
87%
1993 Slovenia
87%
1975 Turkey
87%
2005 Bulgaria
86%
1993 Croatia
86%
1993 Hungary
85%
1959 Monaco
85%
2007 Montenegro
85%
2005 Moldova
84%
1993 Romania
84%
1996 North Macedonia
83%
2008 San Marino
83%
1980 Morocco
73%
1961 Yugoslavia
72%
2004 Serbia and Montenegro
57%
No matching quizzes found
Score Distribution
Percent of People with Each Score
Percentile by Number Answered
Your Score History
You have not taken this quiz